| 000 | 01235nam0a2200349 4500 | ||
|---|---|---|---|
| 001 | RU\NLR\BIBL_A\022347585 | ||
| 005 | 20260420015614.0 | ||
| 010 |
_a978-5-00214-064-0 _93000 |
||
| 021 |
_aRU _bКН-П-24-050607 _9КН-П-24-5031 |
||
| 035 | _a(NLR Aleph) 022347585 | ||
| 090 |
_a13666900 _c13666900 |
||
| 100 | _a20241009d2024 u y0rusy50 ca | ||
| 101 | 0 | _arus | |
| 102 | _aRU | ||
| 105 | _aa z 000ay | ||
| 181 | 0 |
_ai _baxxe |
|
| 182 | 0 | _an | |
| 200 | 1 |
_aИстинное волшебство _iДар Кощея _fНаталья Способина _gвнутренние иллюстрации: Алкания Туктарова (stakano5) |
|
| 203 |
_aТекст _bвизуальный _cнепосредственный |
||
| 210 |
_aМосква _cМИФ _d2024 |
||
| 215 |
_a412, [3] с., [6] л., цв. ил. _d21 |
||
| 225 | 1 | _aИстинное волшебство | |
| 225 | 1 | _aYoung adult | |
| 333 | _a12+ | ||
| 686 | 0 | _aШ9(2)62=Р7-2 | |
| 700 | 1 |
_aСпособина _bН. _gНаталья |
|
| 702 | 0 |
_4440 _7ba _8und _aStakano5 _cпсевдоним _9266864 _3RU\NLR\AUTH\770266920 |
|
| 942 | _cBOOK | ||
| 980 | _aNB | ||